书目信息 |
| 题名: |
强夯加固简化计算
|
|
| 作者: | 罗嗣海 , 石亮 , 邓通发 著 | |
| 分册: | ||
| 出版信息: | 北京 中国建筑工业出版社 2015.9 |
|
| 页数: | 192页 | |
| 开本: | 26cm | |
| 丛书名: | ||
| 单 册: | ||
| 中图分类: | TU472.3 | |
| 科图分类: | ||
| 主题词: | 夯实加固 | |
| 电子资源: | ||
| ISBN: | 978-7-112-17492-8 | |
| 000 | 01148nam0 2200277 450 | |
| 001 | 0400002935 | |
| 005 | 20171021161323.0 | |
| 010 | @a978-7-112-17492-8@dCNY40.00 | |
| 100 | @a20171021e20162015em y0chiy0110 ea | |
| 101 | 0 | @achi |
| 102 | @aCN@b110000 | |
| 105 | @aa z 000yy | |
| 106 | @ar | |
| 200 | 1 | @a强夯加固简化计算@9qiang hang jia gu jian hua ji suan@f罗嗣海,石亮,邓通发著 |
| 210 | @a北京@c中国建筑工业出版社@d2015.9@h2016.6 | |
| 215 | @a192页@c图@d26cm | |
| 312 | @a封面英文题名:Simplified calculation of dynamic compaction | |
| 330 | @a本书共9章,主要介绍从工程需求与实用角度出发,采用室内试验、模型试验、统计分析、简化理论分析和数值模拟等方法,对冲击作用及冲击作用后土的性状、强夯冲击动应力、强夯地面夯沉量、强夯加固效果简化计算方法、地面夯沉量在加固效果估算中的应用、置换式强夯的置换体深度等方面进行的研究及取得的实用成果。 | |
| 510 | 1 | @aSimplified calculation of dynamic compaction@zeng |
| 606 | 0 | @a夯实加固 |
| 690 | @aTU472.3@v5 | |
| 701 | 0 | @a罗嗣海@9luo si hai@4著 |
| 701 | 0 | @a石亮@9shi liang@4著 |
| 701 | 0 | @a邓通发@9deng tong fa@4著 |
| 801 | 0 | @aCN@b91MARC@c20171021 |
| 905 | @b1032980-4@dTU472.3@f5@e1160 | |
| 强夯加固简化计算/罗嗣海,石亮,邓通发著.-北京:中国建筑工业出版社,2015.9(2016.6) |
| 192页:图;26cm |
| ISBN 978-7-112-17492-8:CNY40.00 |
| 本书共9章,主要介绍从工程需求与实用角度出发,采用室内试验、模型试验、统计分析、简化理论分析和数值模拟等方法,对冲击作用及冲击作用后土的性状、强夯冲击动应力、强夯地面夯沉量、强夯加固效果简化计算方法、地面夯沉量在加固效果估算中的应用、置换式强夯的置换体深度等方面进行的研究及取得的实用成果。 |
| ● |
| 相关链接 |
|
|
|
|
正题名:强夯加固简化计算
索取号:TU472.3/1160
 
预约/预借
| 序号 | 登录号 | 条形码 | 馆藏地/架位号 | 状态 | 备注 |
| 1 | 1032980 | 210329802 | 第二样本阅览室/ [索取号:TU472.3/1160] | 在馆 | |
| 2 | 1032981 | 210329811 | 密集书库-生命科学系/ [索取号:TU472.3/1160] | 在馆 | |
| 3 | 1032982 | 210329820 | 第三借阅区/ [索取号:TU472.3/1160] | 在馆 | |
| 4 | 1032983 | 210329839 | 第三借阅区/ [索取号:TU472.3/1160] | 在馆 | |
| 5 | 1032984 | 210329848 | 第三借阅区/ [索取号:TU472.3/1160] | 在馆 |